Welcome to CU Library Online Public Access Catalogue (OPAC)

Chemistry for Today: General, Organic and Biochemistry/ (Record no. 1630)

MARC details
000 -LEADER
fixed length control field 00529nam a22001577a 4500
005 - DATE AND TIME OF LATEST TRANSACTION
control field 20241127150124.0
008 - FIXED-LENGTH DATA ELEMENTS--GENERAL INFORMATION
fixed length control field 241127b |||||||| |||| 00| 0 eng d
020 ## - INTERNATIONAL STANDARD BOOK NUMBER
International Standard Book Number 9780534399733
050 ## - LIBRARY OF CONGRESS CALL NUMBER
Classification number QD31.2 HAR
100 ## - MAIN ENTRY--PERSONAL NAME
Personal name Harris, Jennifer P.
245 ## - TITLE STATEMENT
Title Chemistry for Today: General, Organic and Biochemistry/
Remainder of title study guide and solutions manual for Seager and Slabaugh's
Statement of responsibility, etc. Jennifer P. Harris
250 ## - EDITION STATEMENT
Edition statement 5th Ed.
260 ## - PUBLICATION, DISTRIBUTION, ETC.
Place of publication, distribution, etc. Australia
Name of publisher, distributor, etc. Thomson Brooks/Cole
Date of publication, distribution, etc. 2005
300 ## - PHYSICAL DESCRIPTION
Extent 347p.
Other physical details ill.
Dimensions 27.5cm
942 ## - ADDED ENTRY ELEMENTS (KOHA)
Source of classification or shelving scheme Library of Congress Classification
Koha item type Books
Edition 5th ed.
Suppress in OPAC No
999 ## -
-- 1630
-- 1630
Holdings
Withdrawn status Lost status Source of classification or shelving scheme Damaged status Not for loan Collection Home library Current library Shelving location Date acquired Total checkouts Full call number Barcode Date last seen Copy number Price effective from Koha item type
    Library of Congress Classification     Non-fiction Science Library (Miotso) Science Library (Miotso) General stacks 11/27/2024   QD31.2 HAR SLM00000935 11/27/2024 1 11/27/2024 Books
© 2023-2024 Copyright: Central University Libraries. All Rights Reserved | Created by: Mahone Tech Office